GCC powers of construction 2012 (Record no. 114268)
[ view plain ]
| 000 -LEADER | |
|---|---|
| fixed length control field | 01124cad a22002895a 4500 |
| 001 - CONTROL NUMBER | |
| control field | L156482 |
| 008 - FIXED-LENGTH DATA ELEMENTS--GENERAL INFORMATION | |
| fixed length control field | 120528e2012 xxk 000 0 eng d |
| 035 ## - SYSTEM CONTROL NUMBER | |
| System control number | (Sirsi) u156482 |
| 041 0# - LANGUAGE CODE | |
| Language code of text/sound track or separate title | eng |
| 110 2# - MAIN ENTRY--CORPORATE NAME | |
| Corporate name or jurisdiction name as entry element | Deloitte and Touche (M.E.) |
| 245 00 - TITLE STATEMENT | |
| Title | GCC powers of construction 2012 |
| Remainder of title | five lessons to learn from |
| Medium | [electronic resource] |
| 260 ## - PUBLICATION, DISTRIBUTION, ETC. | |
| Place of publication, distribution, etc. | [S.l.] |
| Name of publisher, distributor, etc. | Deloitte |
| Date of publication, distribution, etc. | 2012 |
| 505 2# - FORMATTED CONTENTS NOTE | |
| Formatted contents note | Introduction -- Reflect -- Review -- Refocus -- Reinvest -- Rebound |
| 520 ## - SUMMARY, ETC. | |
| Summary, etc. | Looks at the rapidly moving Gulf Cooperation Council (GCC) economy and suggests that construction businesses must move forward quickly to embrace the opportunities. |
| 590 ## - LOCAL NOTE (RLIN) | |
| Local note | KA NTK |
| 651 #4 - SUBJECT ADDED ENTRY--GEOGRAPHIC NAME | |
| Geographic name | EMEA |
| 651 #4 - SUBJECT ADDED ENTRY--GEOGRAPHIC NAME | |
| Geographic name | Iraq |
| 651 #4 - SUBJECT ADDED ENTRY--GEOGRAPHIC NAME | |
| Geographic name | Kuwait |
| 651 #4 - SUBJECT ADDED ENTRY--GEOGRAPHIC NAME | |
| Geographic name | Bahrain |
| 651 #4 - SUBJECT ADDED ENTRY--GEOGRAPHIC NAME | |
| Geographic name | Qatar |
| 651 #4 - SUBJECT ADDED ENTRY--GEOGRAPHIC NAME | |
| Geographic name | United Arab Emirates |
| 651 #4 - SUBJECT ADDED ENTRY--GEOGRAPHIC NAME | |
| Geographic name | Oman |
| 651 #4 - SUBJECT ADDED ENTRY--GEOGRAPHIC NAME | |
| Geographic name | Saudi Arabia |
| 690 ## - LOCAL SUBJECT ADDED ENTRY--TOPICAL TERM (OCLC, RLIN) | |
| Topical term or geographic name as entry element | Construction management |
| 9 (RLIN) | 6230 |
| 856 40 - ELECTRONIC LOCATION AND ACCESS | |
| Uniform Resource Identifier | <a href="https://www.deloitte.com/assets/Dcom-MiddleEast/Local%20Assets/Documents/Industries/Real%20Estate/Construction/2012%20GCC%20poc%20publication.pdf">https://www.deloitte.com/assets/Dcom-MiddleEast/Local%20Assets/Documents/Industries/Real%20Estate/Construction/2012%20GCC%20poc%20publication.pdf</a> |
| Public note | Download the report (pdf) here www.deloitte.com |
| 942 ## - ADDED ENTRY ELEMENTS (KOHA) | |
| Suppress in OPAC | 0 |
| Withdrawn status | Lost status | Source of classification or shelving scheme | Damaged status | Not for loan | Home library | Current library | Shelving location | Date acquired | Total Checkouts | Full call number | Barcode | Date last seen | Copy number | Price effective from | Koha item type |
|---|---|---|---|---|---|---|---|---|---|---|---|---|---|---|---|
| Dewey Decimal Classification | Virtual | Virtual | Online | 28/05/2012 | ONLINE PUBLICATION | 156482-2001 | 06/08/2019 | 1 | 06/08/2019 | Book |